|
|
|
|
| LEADER |
00820nam a2200169Ia 4500 |
| 008 |
121027s9999 xx 000 0 eng d |
| 999 |
|
|
|c 69829
|d 69829
|
| 020 |
|
|
|a 8185753679
|
| 082 |
|
|
|a 418.02
|
| 100 |
|
|
|a St- Pierre, Paul, Ed.
|
| 245 |
|
|
|a In translation reflections, refractions, transformations /
|
| 260 |
|
|
|a Delhi:
|b Pencraft International,
|c 2005.
|
| 300 |
|
|
|a 286p.
|
| 505 |
|
|
|a CONTENTS: 1. Translation and socity: the emergence of a conceptual relationship 2. Language and translation: contesting conventions 3. Translation studies, ethnography and the production of knowledge 4. Trafficking in words: languages, missionaries
|
| 700 |
|
|
|a Kar, Prafulla, C, Ed.
|
| 942 |
|
|
|c BK
|
| 952 |
|
|
|0 0
|1 0
|2 ddc
|4 0
|6 418_020000000000000_STP_I
|7 0
|9 69806
|a UL
|b UL
|c ST1
|d 2012-10-27
|l 2
|o 418.02 STP/I
|p G9350
|r 2013-08-12
|s 2013-07-19
|y BK
|